Official (ISC)2 Guide to the CISSP CBK / (Record no. 215438)
[ view plain ]
| 000 -LEADER | |
|---|---|
| fixed length control field | 01226 a2200241 4500 |
| 003 - CONTROL NUMBER IDENTIFIER | |
| control field | Nust |
| 005 - DATE AND TIME OF LATEST TRANSACTION | |
| control field | 20220726130828.0 |
| 010 ## - LIBRARY OF CONGRESS CONTROL NUMBER | |
| LC control number | 2012046844 |
| 020 ## - INTERNATIONAL STANDARD BOOK NUMBER | |
| International Standard Book Number | 9781466569768 (hardcover : acid-free paper) |
| 035 ## - SYSTEM CONTROL NUMBER | |
| System control number | 17649489 |
| 040 ## - CATALOGING SOURCE | |
| Transcribing agency | Nust |
| 082 00 - DEWEY DECIMAL CLASSIFICATION NUMBER | |
| Classification number | 005.8,HAR |
| 245 00 - TITLE STATEMENT | |
| Title | Official (ISC)2 Guide to the CISSP CBK / |
| Statement of responsibility, etc. | editors, Harold F. Tipton, Steven Hernandez. |
| 250 ## - EDITION STATEMENT | |
| Edition statement | Third edition. |
| 300 ## - PHYSICAL DESCRIPTION | |
| Extent | pages cm |
| 505 ## - FORMATTED CONTENTS NOTE | |
| Formatted contents note | Access Control (Page-4), Telecommunications & Networks Security (Page-271), Information security Governance & Risk Management (Page-467), Software Development Security (Page-614), Cryptography (Page-764), Security Architecture & Design (Page-902), Security Operations (Page-1014), Business Continuity Disaster Recovery Planning (Page-1056), Legal, Regulations , investigations, and Compliance (Page-1168), Physical (Environmental) Security (Page-1256), Answer to Review Questions (Page-1371). |
| 650 #0 - SUBJECT ADDED ENTRY--TOPICAL TERM | |
| Topical term or geographic name entry element | Computer networks |
| General subdivision | Examinations |
| 9 (RLIN) | 94252 |
| 650 #0 - SUBJECT ADDED ENTRY--TOPICAL TERM | |
| Topical term or geographic name entry element | Computer security |
| General subdivision | Examinations |
| 9 (RLIN) | 95207 |
| 650 #0 - SUBJECT ADDED ENTRY--TOPICAL TERM | |
| Topical term or geographic name entry element | Electronic data processing personnel |
| General subdivision | Certification. |
| 9 (RLIN) | 81704 |
| 700 1# - ADDED ENTRY--PERSONAL NAME | |
| Personal name | Hernandez, Steven. |
| 9 (RLIN) | 95208 |
| 700 1# - ADDED ENTRY--PERSONAL NAME | |
| Personal name | Tipton, Harold F. |
| 9 (RLIN) | 95209 |
| 942 ## - ADDED ENTRY ELEMENTS (KOHA) | |
| Source of classification or shelving scheme | |
| Koha item type | Reference |
| Withdrawn status | Lost status | Source of classification or shelving scheme | Damaged status | Not for loan | Permanent Location | Current Location | Shelving location | Date acquired | Total Checkouts | Full call number | Barcode | Checked out | Date last seen | Date last checked out | Price effective from | Koha item type | Public note |
|---|---|---|---|---|---|---|---|---|---|---|---|---|---|---|---|---|---|
| Military College of Signals (MCS) | Military College of Signals (MCS) | Reference | 12/12/2016 | 3 | 005.8,HAR | MCS37202 | 05/13/2026 | 01/13/2026 | 01/13/2026 | 12/12/2016 | Book | Almirah No.18, Shelf No.3 |
